01792cam a22002894i 4500003000900000005001700009008004100026020001500067035002700082040003300109082001900142100004400161245011400205264007100319300008100390336002100471337002500492338002300517505089000540526000901430526000901439526000801448526000801456526000801464650001401472650001601486PE-LiUPU20250731183415.0150623s r 000 0 d a082801129X a(Sirsi) i9780828011297 aPE-LiUPUbspacPE-LiUPUerda04a796.6bH192211 aHamlin, Charlotte Ella,e1918-,eautor.10aRide with the wind :bthe adventures of a grandmother who bicicled around the world /cCharlotte Ella Hamlin. 1aHagerstown, MD :bReview and Herald Publishing Association,c1989. a214 páginas :bilustraciones fotos, mapas, diagrámas ;c22 centímetros atext2rdacontent aunmediated2rdamedia avolume2rdacarrier0 aAmerica: Preparation. On the way. Battling a desert storm. On the interstate-but for how long?. Lost!. Across Texas. Not alone anymore. Crossing the Mississippi. A scare in the night. A movie in Atlanta. Finished at last. Homeward bound. Europe: Off to europe. My first crash. Over the top. Italy and the adriatic. Asia: On the way, alone. The ancient land of greece. The promised land. The longest day of my life. Rescued by a messenger. Chased at high noon. Hit from behind in Thailand. China, land of wonder. Detained in forbidden territory. Dangerous tunnels in Japan. The islands of the sea. One Thousand miles to my 70th birthday. Australia: Beautiful Australia. Rude Awakening. Canada: CBC movie send-off. Hypothermia!. Calgary and beyond. Escorted into winnepeg. The great north country. Honored in Canada's capital. Prime Minister-to-be. The rock-Newfoundland. Salud física. aP158 aP146 aP17 aP12 aP0604aCiclismo.04aEjercicios.